000 00537nam a22002177a 4500
003 UA-OsUOA
001 36971
007 ta
008 20060217b un ||||| |||| 00| 0 ukr d
100 _aБажанов В.А.
090 _a101
_bБ11
942 _cSA
040 _aUA-OsUOA
_brus
_cUA-OsUOA
_dUA-OsUOA
245 _aРождение философии науки в России
300 _aС.128-135
955 _a0
041 _arus
080 _a101
773 0 _w36964
650 7 _a1 Філософські науки
_2UDC
999 _c323202
_d323202